Infrastructure, engineering and climate change adaptation (Record no. 111974)

MARC details
000 -LEADER
fixed length control field 01366cad a22002655a 4500
001 - CONTROL NUMBER
control field L152296
008 - FIXED-LENGTH DATA ELEMENTS--GENERAL INFORMATION
fixed length control field 110218s2011 xxk f 000 0 eng d
020 ## - INTERNATIONAL STANDARD BOOK NUMBER
International Standard Book Number 1903496616
035 ## - SYSTEM CONTROL NUMBER
System control number (Sirsi) u152296
041 0# - LANGUAGE CODE
Language code of text/sound track or separate title eng
110 2# - MAIN ENTRY--CORPORATE NAME
Corporate name or jurisdiction name as entry element The Royal Academy of Engineering
9 (RLIN) 5917
245 00 - TITLE STATEMENT
Title Infrastructure, engineering and climate change adaptation
Remainder of title ensuring services in an uncertain future
Medium [electronic resource]
260 ## - PUBLICATION, DISTRIBUTION, ETC.
Place of publication, distribution, etc. [S.l.]
Name of publisher, distributor, etc. RAE
Date of publication, distribution, etc. 2011
520 ## - SUMMARY, ETC.
Summary, etc. Examines vulnerabilities in different sectors of the national infrastructure to the effects of climate change and the changes necessary to increase resilience. Includes the impacts of efforts towards climate change mitigation and changes in behaviour and demographics. This study is an activity of the Engineering the Future partnership carried out on behalf of DEFRA.
590 ## - LOCAL NOTE (RLIN)
Local note KA NTK
651 #4 - SUBJECT ADDED ENTRY--GEOGRAPHIC NAME
Geographic name United Kingdom
690 ## - LOCAL SUBJECT ADDED ENTRY--TOPICAL TERM (OCLC, RLIN)
Topical term or geographic name as entry element ENVIRONMENT AND LAND CONSULTANCY-PLANNING AND DEVELOPMENT
710 1# - ADDED ENTRY--CORPORATE NAME
Corporate name or jurisdiction name as entry element Institution of Chemical Engineers
9 (RLIN) 1773
710 1# - ADDED ENTRY--CORPORATE NAME
Corporate name or jurisdiction name as entry element Institution of Engineering and Technology
710 1# - ADDED ENTRY--CORPORATE NAME
Corporate name or jurisdiction name as entry element Institution of Mechanical Engineers
9 (RLIN) 549
710 1# - ADDED ENTRY--CORPORATE NAME
Corporate name or jurisdiction name as entry element DEFRA
710 1# - ADDED ENTRY--CORPORATE NAME
Corporate name or jurisdiction name as entry element Engineering the Future Partnership
856 40 - ELECTRONIC LOCATION AND ACCESS
Uniform Resource Identifier <a href="https://www.raeng.org.uk/news/publications/list/reports/Engineering_the_future_2011.pdf">https://www.raeng.org.uk/news/publications/list/reports/Engineering_the_future_2011.pdf</a>
Public note View the item free of charge at www.raeng.org.uk
942 ## - ADDED ENTRY ELEMENTS (KOHA)
Suppress in OPAC 0
Holdings
Withdrawn status Lost status Source of classification or shelving scheme Damaged status Not for loan Home library Current library Shelving location Date acquired Total Checkouts Full call number Barcode Date last seen Copy number Price effective from Koha item type
    Dewey Decimal Classification     Virtual Virtual Online 18/02/2011   ONLINE PUBLICATION 152296-2001 06/08/2019 1 06/08/2019 Book